Insurance : (Record no. 1223)
[ view plain ]
| 000 -LEADER | |
|---|---|
| fixed length control field | 00716cam a22002292 4500 |
| 001 - CONTROL NUMBER | |
| control field | 0000020975 |
| 005 - DATE AND TIME OF LATEST TRANSACTION | |
| control field | 20151021151140.0 |
| 008 - FIXED-LENGTH DATA ELEMENTS--GENERAL INFORMATION | |
| fixed length control field | 120105s xx 000 0 eng d |
| 020 ## - INTERNATIONAL STANDARD BOOK NUMBER | |
| International Standard Book Number | 8121910218 |
| 040 ## - CATALOGING SOURCE | |
| Original cataloging agency | KABU |
| Transcribing agency | KABU |
| 050 #0 - LIBRARY OF CONGRESS CALL NUMBER | |
| Classification number | HG8051 |
| Item number | .M57 2011 |
| 100 1# - MAIN ENTRY--PERSONAL NAME | |
| Personal name | Mishra, M. N. |
| -- | 0000161193 |
| 245 10 - TITLE STATEMENT | |
| Title | Insurance : |
| Remainder of title | principles and practice / |
| Statement of responsibility, etc. | M. N. Mishra and S. B. Mishra. |
| 250 ## - EDITION STATEMENT | |
| Edition statement | 8th ed. |
| 260 ## - PUBLICATION, DISTRIBUTION, ETC. (IMPRINT) | |
| Place of publication, distribution, etc. | New Delhi : |
| Name of publisher, distributor, etc. | S. Chand, |
| Date of publication, distribution, etc. | 2011. |
| 300 ## - PHYSICAL DESCRIPTION | |
| Extent | 807 p. |
| 650 #0 - SUBJECT ADDED ENTRY--TOPICAL TERM | |
| Topical term or geographic name as entry element | Insurance. |
| -- | 0000152709 |
| 852 1# - LOCATION | |
| -- | p1250 KES |
| 852 1# - LOCATION | |
| -- | p1250 KES |
| 908 ## - PUT COMMAND PARAMETER (RLIN) | |
| Put command parameter | 120105 |
| 950 ## - LOCAL HOLDINGS (RLIN) | |
| -- | 1 |
| Withdrawn status | Lost status | Source of classification or shelving scheme | Not for loan | Home library | Current library | Date acquired | Total Checkouts | Full call number | Barcode | Date last seen | Date last checked out | Price effective from | Koha item type | Copy number |
|---|---|---|---|---|---|---|---|---|---|---|---|---|---|---|
| Library of Congress Classification | Kabarak, Main Campus | Kabarak, Main Campus | 21/10/2015 | HG8051 .M57 2004 c. 4 | 20704 | 21/10/2015 | 21/10/2015 | General Collection | C.4 | |||||
| Library of Congress Classification | Kabarak, Main Campus | Kabarak, Main Campus | 21/10/2015 | 3 | HG8051 .M57 2011 c. 3 | 20211 | 23/11/2018 | 20/11/2018 | 21/10/2015 | General Collection | ||||
| Library of Congress Classification | Kabarak, Main Campus | Kabarak, Main Campus | 17/12/2015 | 1 | HG8051 .M57 2010 c.2 | 007062 | 22/02/2016 | 21/01/2016 | 17/12/2015 | General Collection | ||||
| Library of Congress Classification | Kabarak, Main Campus | Kabarak, Main Campus | 17/12/2015 | 2 | HG8051 .M57 2010 c.1 | 20701 | 28/06/2018 | 21/06/2018 | 17/12/2015 | General Collection | ||||
| Library of Congress Classification | Kabarak, Nakuru City Campus | Kabarak, Nakuru City Campus | 21/10/2015 | 1 | HG8051 .M57 2011 c. 1 | 015679 | 19/08/2016 | 16/08/2016 | 21/10/2015 | General Collection | ||||
| Library of Congress Classification | Kabarak, Nakuru City Campus | Kabarak, Nakuru City Campus | 21/10/2015 | HG8051 .M57 2011 c. 2 | 015680 | 21/10/2015 | 21/10/2015 | General Collection | ||||||
| Library of Congress Classification | Kabarak, Nakuru City Campus | Kabarak, Nakuru City Campus | 21/10/2015 | HG8051 .M57 2011 c. 3 | 20210 | 21/10/2015 | 21/10/2015 | General Collection |